000 01255nas a2200337 4500
001 BR2015004292
003 BR-BrBNA
005 20231205125559.0
007 ta
008 230509b bl.|||p| |||| 00| 00por d
040 _aBR-BrBNA
_bpor
_cBiblioteca Nacional de Agricultura
041 _a(Pt)
072 _aF08
100 1 _aPeres, J.G.
100 1 _aMarcussi, L.
100 1 _aSouza, C.F.
100 1 _aBrugnaro, C.
245 1 _aUtilização de lisímetros de pesagem para a determinação dos coeficientes de cultura do meloeiro (Cucumis melo L.)para cultivo em estufa agrícola na região de Araras - SP
246 1 _aUse of weighing lisimeters to determine crop coefficients for melon (Cucumis melo L.)to be cultivated in plastic greenhouse in the region of Araras - SP
650 _aMELAO
650 _aCULTIVO PROTEGIDO
650 _aSISTEMA DE CULTIVO
650 _aINSTRUMENTO DE MEDIDA
650 _aLISIMETRO
650 _aIRRIGACAO POR GOTEJAMENTO
650 _aCLIMATOLOGIA
773 0 _tEngenharia Agrícola (Brazil)
_xISSN 1809-4430
_g(May-Jun 2013), v. 33(3) p. 475-487
_wBR2015004292
856 4 0 _uhttp://www.scielo.br/pdf/eagri/v33n3/05.pdf
909 _a202311
_bLúcia
_c55
_dLúcia Elande
942 _2AGRIS
_n0
_cANA
999 _c245019
_d245019